000 00349nam a2200133Ia 4500
008 220217s9999||||xx |||||||||||||| ||und||
020 _a81-265-0205-3
082 _a005.43 NEG
100 _aNagus, Christopher
_91987
245 0 _aRed hat linux 7.X
260 _aHungry minds
_bNew Delhi
_c2001
300 _b499
650 _aOperating systems
999 _c168394
_d168394